| 000 | 01724nam a2200337 c 4500 | ||
|---|---|---|---|
| 003 | BLK | ||
| 005 | 20180420214014.0 | ||
| 008 | 180412b bul|||||r ||||||| ||bul|| | ||
| 010 | _aKNG00006942000 | ||
| 020 |
_a954-598-033-8 _bиздат.: Мартилен |
||
| 040 | _aBLK | ||
| 041 |
_aBUL _cBUL |
||
| 080 |
_aСтатистиката като наука. Теория на статистиката _b311 _x(075.32) _z311(075.32) |
||
| 100 | 1 |
_aСтойкова-Къналиева, Андреана Станиславова _eпърви автор _9246065 |
|
| 700 | 1 |
_aГеоргиева, Мита Дончева _eсъавт. _9250488 |
|
| 139 |
_aСтойкова-Къналиева, Андреана Станиславова и др. _bС 78 |
||
| 245 | 1 | 0 |
_aОбща теория на статистиката _bУчебник за икон. техникуми _cАндреана Станиславова Стойкова-Къналиева; съавт. Мита Дончева Георгиева. |
| 250 | _a2. доп. изд. | ||
| 257 | _aBGR | ||
| 260 |
_аСофия _bМартилен _c1995 |
||
| 300 |
_a207 с. _bсъс сх., табл., диагр. _c22 см |
||
| 380 | _a3 | ||
| 500 | _a1. изд. 1994 със загл. Учебник-записки по обща теория на статистиката от същите авт., изд. на М-во на науката и образованието ; 2 000 тир. | ||
| 650 | 4 |
_aСтатистика - теория - учебници за техникуми _9246066 |
|
| 653 | _aстатистика | ||
| 852 | _aЦб 182491 | ||
| 856 | 4 |
_qpdf _u |
|
| 856 | 4 |
_qpdf _u |
|
| 942 |
_cKNG _n0 |
||
| 944 |
_aCR _c15.01.2003 _kГрета_Цуфелде |
||
| 944 |
_aED _c09.06.2014 _k |
||
| 999 |
_c5740 _d5740 |
||